Normal view
MARC view
- Mehta , Madan /Walter scarboough/ Diane Armpriest
Entry Personal Name
001 - CONTROL NUMBER
- control field: 4309
003 - CONTROL NUMBER IDENTIFIER
- control field: JO-AjAnu
005 - DATE AND TIME OF LATEST TRANSACTION
- control field: 20230606071015.0
008 - FIXED-LENGTH DATA ELEMENTS
- fixed length control field: 230606|| aca||aabn | a|a d
040 ## - CATALOGING SOURCE
- Original cataloging agency: JO-AjAnu
- Transcribing agency: JO-AjAnu
100 ## - HEADING--PERSONAL NAME
- Personal name: Mehta , Madan /Walter scarboough/ Diane Armpriest
670 ## - SOURCE DATA FOUND
- Source citation: Work cat.: (JO-AjAnu)2238: Mehta , Madan /Walter scarboough/ Diane Armpriest, author, Building Construcations principls, materials, and systems